Faculty of Law Library — Cairo University

Official Online Catalog

Quelques Aspects De L'autonomie Du Droit Pénal / (Record no. 71060)

MARC details
000 -LEADER
fixed length control field 01609nam a2200421 i 4500
003 - CONTROL NUMBER IDENTIFIER
control field EG-GICUC
005 - DATE AND TIME OF LATEST TRANSACTION
control field 20260415132220.0
008 - FIXED-LENGTH DATA ELEMENTS--GENERAL INFORMATION
fixed length control field 260415s1956 fr |||fr|||| 00| 0 fre d
040 ## - CATALOGING SOURCE
Original cataloging agency EG-GiCUC
Language of cataloging fre
Transcribing agency EG-GiCUC
Modifying agency EG-GiCUC
Description conventions Rda
082 04 - DEWEY DECIMAL CLASSIFICATION NUMBER
Edition number 21
Classification number 343.372121
Item number AU . Q
092 04 - LOCALLY ASSIGNED DEWEY CALL NUMBER (OCLC)
Edition number 21
099 ## - LOCAL FREE-TEXT CALL NUMBER (OCLC)
Classification number Law1 10 343.372121 AU . Q 1956
100 1# - MAIN ENTRY--PERSONAL NAME
Personal name Aussel, Jean-Marie
Relator term Auteur
245 10 - TITLE STATEMENT
Title Quelques Aspects De L'autonomie Du Droit Pénal /
Statement of responsibility, etc. Par Mm.: Jean-marie Aussel, Jean Foyer, Michel Cabrillac, André Françon, Jean Déprez, Christian Gavalda, Jean Derruppé, Jean Patarin, Roger Doublier, Eugène Schaeffer, Jean-maurice Verdier, Préface De G. Stefani.
264 #1 - PRODUCTION, PUBLICATION, DISTRIBUTION, MANUFACTURE, AND COPYRIGHT NOTICE
Place of production, publication, distribution, manufacture Paris :
Name of producer, publisher, distributor, manufacturer Librairie Dalloz,
Date of production, publication, distribution, manufacture, or copyright notice 1956.
264 #3 - PRODUCTION, PUBLICATION, DISTRIBUTION, MANUFACTURE, AND COPYRIGHT NOTICE
Name of producer, publisher, distributor, manufacturer Impirmerie Jouve
300 ## - PHYSICAL DESCRIPTION
Extent 438 page;
Dimensions 24 cm.
336 ## - CONTENT TYPE
Source rda contenu
Content type term texte
337 ## - MEDIA TYPE
Source rda medias
Media type term Ordinateur
338 ## - CARRIER TYPE
Source transporteur rda
Carrier type term Ressource en ligne
650 1# - SUBJECT ADDED ENTRY--TOPICAL TERM
Topical term or geographic name entry element Indépendance Et Neutralité
Source of heading or term qrmak
650 1# - SUBJECT ADDED ENTRY--TOPICAL TERM
Topical term or geographic name entry element Droit Do Pénal
Source of heading or term qrmak
651 1# - SUBJECT ADDED ENTRY--GEOGRAPHIC NAME
Source of heading or term qrmak
700 1# - ADDED ENTRY--PERSONAL NAME
Personal name Foyer,Jean
Relator term Co-Auteur
700 1# - ADDED ENTRY--PERSONAL NAME
Personal name Cabrillac, Michel
Relator term Co-Auteur
700 1# - ADDED ENTRY--PERSONAL NAME
Personal name Françon, André
Relator term Co-Auteur
700 1# - ADDED ENTRY--PERSONAL NAME
Personal name Déprez, Jean
Relator term Co-Auteur
700 1# - ADDED ENTRY--PERSONAL NAME
Personal name Gavalda, Christian
Relator term Co-Auteur
700 1# - ADDED ENTRY--PERSONAL NAME
Personal name Derruppé, Jean
Relator term Co-Auteur
700 1# - ADDED ENTRY--PERSONAL NAME
Personal name Patarin, Jean
Relator term Co-Auteur
700 1# - ADDED ENTRY--PERSONAL NAME
Personal name Doublier, Roger
Relator term Co-Auteur
700 1# - ADDED ENTRY--PERSONAL NAME
Personal name Schaeffer, Eugène
Relator term Co-Auteur
700 1# - ADDED ENTRY--PERSONAL NAME
Personal name Verdier, Jean-maurice
Relator term Co-Auteur
700 1# - ADDED ENTRY--PERSONAL NAME
Personal name Stefani, De G
Relator term Préfacier
856 40 - ELECTRONIC LOCATION AND ACCESS
Uniform Resource Identifier <a href="https://fll.law.cu.edu.eg/fulltext/bks/B10-09297.pdf">https://fll.law.cu.edu.eg/fulltext/bks/B10-09297.pdf</a>
905 ## - Cataloger and Reviser Names
Cataloger Name: Yasmin Sayed
942 ## - ADDED ENTRY ELEMENTS (KOHA)
Source of classification or shelving scheme Dewey Decimal Classification
Koha item type Books
Edition 21
Suppress in OPAC No
Holdings
Withdrawn status Lost status Source of classification or shelving scheme Damaged status Not for loan Collection Home library Current library Date acquired Total checkouts Full call number Barcode Date last seen Copy number Price effective from Koha item type
    Dewey Decimal Classification   Not for loan القانون الجنائي جــــامعة القــاهرة مكتبة كلية الحقوق - المبنى الرئيسي 15.04.2026   Law1 10 343.372121 AU . Q 1956 1009297 C1 B10-09297 15.04.2026 1 15.04.2026 Books
    Dewey Decimal Classification     القانون الجنائي جــــامعة القــاهرة مكتبة كلية الحقوق - المبنى الرئيسي 21.04.2026   Law1 10 343.372121 AU . Q 1956 1010624 C2 B10-10624 21.04.2026 2 21.04.2026 Books

© All rights reserved — Faculty of Law, Cairo University